Guía de las bibliotecas de Madrid. (Record no. 189127)

MARC details
000 -LEADER
campo de control de longitud fija 00710nam a2200193 i 4500
001 - NÚMERO DE CONTROL
campo de control 189127
003 - IDENTIFICADOR DE NÚMERO DE CONTROL
campo de control SpMaBN
005 - FECHA Y HORA DE LA ÚLTIMA TRANSACCIÓN
campo de control 20230906223403.0
008 - DATOS DE LONGITUD FIJA--INFORMACIÓN GENERAL
campo de control de longitud fija 190403s1953 sp |||| | spa d
080 ## - NÚMERO DE LA CLASIFICACIÓN DECIMAL UNIVERSAL
Número de la Clasificación Decimal Universal 027(460.27 M.)
245 00 - MENCIÓN DEL TÍTULO
Título Guía de las bibliotecas de Madrid.
246 3# - FORMA VARIANTE DEL TITULO
Texto de visualización Tít. de anteport.
Título propio/Titulo breve Guía de las bibliotecas de Madrid (capital)
260 ## - PUBLICACIÓN, DISTRIBUCIÓN, ETC.
Lugar de publicación, distribución, etc. Madrid :
Nombre del editor, distribuidor, etc. Dirección General de Archivos y Bibliotecas, Servicio de Publicaciones del Ministerio de Educación Nacional,
Fecha de publicación, distribución, etc. 1953.
300 ## - DESCRIPCIÓN FÍSICA
Extensión XII, 556 p. ;
Dimensiones 21 cm.
500 ## - NOTA GENERAL
Nota general Índice.
650 #7 - PUNTO DE ACCESO ADICIONAL DE MATERIA--TÉRMINO DE MATERIA
Término de materia o nombre geográfico como elemento de entrada Bibliotecas-
Subdivisión geográfica Madrid.
9 (RLIN) 142359
710 1# - ENTRADA AGREGADA--NOMBRE DE ENTIDAD CORPORATIVA
Nombre de entidad corporativa o nombre de jurisdicción como elemento de entrada España.
Unidad subordinada Dirección General de Archivos y Bibliotecas.
9 (RLIN) 3701
852 ## - LOCALIZACIÓN
Ubicación ES-MaACL
Número de control de estantería L-32289
Holdings
Estatus retirado Estado de pérdida Estado de daño No para préstamo Biblioteca de origen Biblioteca actual Ubicación en estantería Fecha de adquisición Fuente de adquisición Total de préstamos Signatura topográfica completa Código de barras Visto por última vez Precio de reemplazo Tipo de ítem Koha
        Biblioteca del Ateneo de Madrid Biblioteca del Ateneo de Madrid Depósito 2 03/04/2019     L-32289 1200305 23/02/2023 23/02/2023 Libro impreso